Filosofía y sexualidad / (Record no. 185883)

MARC details
000 -LEADER
campo de control de longitud fija 00883nam a2200253 i 4500
001 - NÚMERO DE CONTROL
campo de control 185883
003 - IDENTIFICADOR DE NÚMERO DE CONTROL
campo de control SpMaBN
005 - FECHA Y HORA DE LA ÚLTIMA TRANSACCIÓN
campo de control 20250804043009.0
008 - DATOS DE LONGITUD FIJA--INFORMACIÓN GENERAL
campo de control de longitud fija 160817s1988 sp |||| | spa d
020 ## - NÚMERO INTERNACIONAL ESTÁNDAR DEL LIBRO
Número Internacional Estándar del Libro 84-339-0091-9
080 ## - NÚMERO DE LA CLASIFICACIÓN DECIMAL UNIVERSAL
Número de la Clasificación Decimal Universal 176
245 00 - MENCIÓN DEL TÍTULO
Título Filosofía y sexualidad /
Mención de responsabilidad, etc. edición a cargo de Fernando Savater ; [textos de Agustín García Calvo, Héctor Subirats, Julia Varela ... (et al.)].
260 ## - PUBLICACIÓN, DISTRIBUCIÓN, ETC.
Lugar de publicación, distribución, etc. Barcelona :
Nombre del editor, distribuidor, etc. Anagrama,
Fecha de publicación, distribución, etc. [1988]
300 ## - DESCRIPCIÓN FÍSICA
Extensión 173 p. ;
Dimensiones 20 cm.
490 1# - MENCIÓN DE SERIE
Mención de serie Argumentos ;
Designación de volumen o secuencia 91
650 07 - PUNTO DE ACCESO ADICIONAL DE MATERIA--TÉRMINO DE MATERIA
Término de materia o nombre geográfico como elemento de entrada Sexualidad-
Subdivisión general Filosofía.
9 (RLIN) 17083
700 1# - ENTRADA AGREGADA--NOMBRE PERSONAL
Nombre de persona Savater, Fernando,
Fechas asociadas al nombre 1947-
9 (RLIN) 104053
700 1# - ENTRADA AGREGADA--NOMBRE PERSONAL
Nombre de persona García Calvo, Agustín,
Fechas asociadas al nombre 1926-2012
9 (RLIN) 233841
700 1# - ENTRADA AGREGADA--NOMBRE PERSONAL
Nombre de persona Subirats, Héctor.
9 (RLIN) 108697
700 1# - ENTRADA AGREGADA--NOMBRE PERSONAL
Nombre de persona Varela, Julia.
9 (RLIN) 113140
830 0# - PUNTO DE ACCESO ADICIONAL DE SERIE-TÍTULO UNIFORME
Título uniforme Argumentos ;
Designación de volumen o secuencia 91
9 (RLIN) 178418
852 ## - LOCALIZACIÓN
Ubicación ES-MaACL
Número de control de estantería L-30569
Nota libre . - Donat. Miguel A. Velasco
Holdings
Estatus retirado Estado de pérdida Estado de daño No para préstamo Biblioteca de origen Biblioteca actual Ubicación en estantería Fecha de adquisición Fuente de adquisición Total de préstamos Signatura topográfica completa Código de barras Visto por última vez Precio de reemplazo Tipo de ítem Koha
        Biblioteca del Ateneo de Madrid Biblioteca del Ateneo de Madrid Depósito 2 17/08/2016     L-30569 1195943 23/02/2023 23/02/2023 Libro impreso